Random Base to Decimal - Statistics

General Stats
  • This quiz has been taken 21 times
  • The average score is 15 of 20
Answer Stats
Number (Base) Decimal % Correct
1₁₆ 1
100%
1₈ 1
100%
12₈ 10
100%
01100100₂ 100
100%
67₁₆ 103
100%
68₁₆ 104
100%
01101100₂ 108
100%
6C₁₆ 108
100%
01101101₂ 109
100%
B₁₆ 11
100%
13₈ 11
100%
6E₁₆ 110
100%
01110000₂ 112
100%
160₈ 112
100%
01110110₂ 118
100%
7B₁₆ 123
100%
175₈ 125
100%
200₈ 128
100%
10000001₂ 129
100%
15₈ 13
100%
10000110₂ 134
100%
10001001₂ 137
100%
E₁₆ 14
100%
217₈ 143
100%
91₁₆ 145
100%
92₁₆ 146
100%
10010100₂ 148
100%
00001111₂ 15
100%
10010111₂ 151
100%
97₁₆ 151
100%
230₈ 152
100%
99₁₆ 153
100%
10011101₂ 157
100%
235₈ 157
100%
236₈ 158
100%
9F₁₆ 159
100%
00010000₂ 16
100%
10100001₂ 161
100%
A1₁₆ 161
100%
A3₁₆ 163
100%
10100110₂ 166
100%
A7₁₆ 167
100%
A8₁₆ 168
100%
21₈ 17
100%
10101010₂ 170
100%
10101011₂ 171
100%
253₈ 171
100%
10101110₂ 174
100%
260₈ 176
100%
10110001₂ 177
100%
B1₁₆ 177
100%
B2₁₆ 178
100%
13₁₆ 19
100%
BF₁₆ 191
100%
11000000₂ 192
100%
11000100₂ 196
100%
C5₁₆ 197
100%
307₈ 199
100%
14₁₆ 20
100%
11001000₂ 200
100%
311₈ 201
100%
11010000₂ 208
100%
D0₁₆ 208
100%
25₈ 21
100%
11010010₂ 210
100%
11010100₂ 212
100%
11010101₂ 213
100%
11010111₂ 215
100%
331₈ 217
100%
11011110₂ 222
100%
340₈ 224
100%
E4₁₆ 228
100%
347₈ 231
100%
E8₁₆ 232
100%
11101100₂ 236
100%
11101110₂ 238
100%
EF₁₆ 239
100%
357₈ 239
100%
F2₁₆ 242
100%
11110111₂ 247
100%
11111000₂ 248
100%
F9₁₆ 249
100%
31₈ 25
100%
11111100₂ 252
100%
FC₁₆ 252
100%
11111110₂ 254
100%
376₈ 254
100%
FF₁₆ 255
100%
00011010₂ 26
100%
1A₁₆ 26
100%
1C₁₆ 28
100%
40₈ 32
100%
00100011₂ 35
100%
00100101₂ 37
100%
00000100₂ 4
100%
50₈ 40
100%
54₈ 44
100%
62₈ 50
100%
36₁₆ 54
100%
37₁₆ 55
100%
00111010₂ 58
100%
00111100₂ 60
100%
00111101₂ 61
100%
3F₁₆ 63
100%
40₁₆ 64
100%
01000100₂ 68
100%
7₁₆ 7
100%
114₈ 76
100%
01001101₂ 77
100%
115₈ 77
100%
10₈ 8
100%
50₁₆ 80
100%
52₁₆ 82
100%
123₈ 83
100%
01010101₂ 85
100%
01010110₂ 86
100%
127₈ 87
100%
130₈ 88
100%
5E₁₆ 94
100%
01011111₂ 95
100%
60₁₆ 96
100%
141₈ 97
100%
143₈ 99
67%
10010010₂ 146
50%
237₈ 159
50%
263₈ 179
50%
11001001₂ 201
50%
353₈ 235
50%
FA₁₆ 250
50%
374₈ 252
50%
34₈ 28
50%
1D₁₆ 29
50%
20₁₆ 32
50%
5A₁₆ 90
50%
62₁₆ 98
50%
D7₁₆ 215
33%
00111011₂ 59
33%
00000000₂ 0
0%
0₁₆ 0
0%
0₈ 0
0%
00000001₂ 1
0%
00001010₂ 10
0%
A₁₆ 10
0%
64₁₆ 100
0%
144₈ 100
0%
01100101₂ 101
0%
65₁₆ 101
0%
145₈ 101
0%
01100110₂ 102
0%
66₁₆ 102
0%
146₈ 102
0%
01100111₂ 103
0%
147₈ 103
0%
01101000₂ 104
0%
150₈ 104
0%
01101001₂ 105
0%
69₁₆ 105
0%
151₈ 105
0%
01101010₂ 106
0%
6A₁₆ 106
0%
152₈ 106
0%
01101011₂ 107
0%
6B₁₆ 107
0%
153₈ 107
0%
154₈ 108
0%
6D₁₆ 109
0%
155₈ 109
0%
00001011₂ 11
0%
01101110₂ 110
0%
156₈ 110
0%
01101111₂ 111
0%
6F₁₆ 111
0%
157₈ 111
0%
70₁₆ 112
0%
01110001₂ 113
0%
71₁₆ 113
0%
161₈ 113
0%
01110010₂ 114
0%
72₁₆ 114
0%
162₈ 114
0%
01110011₂ 115
0%
73₁₆ 115
0%
163₈ 115
0%
01110100₂ 116
0%
74₁₆ 116
0%
164₈ 116
0%
01110101₂ 117
0%
75₁₆ 117
0%
165₈ 117
0%
76₁₆ 118
0%
166₈ 118
0%
01110111₂ 119
0%
77₁₆ 119
0%
167₈ 119
0%
00001100₂ 12
0%
C₁₆ 12
0%
14₈ 12
0%
01111000₂ 120
0%
78₁₆ 120
0%
170₈ 120
0%
01111001₂ 121
0%
79₁₆ 121
0%
171₈ 121
0%
01111010₂ 122
0%
7A₁₆ 122
0%
172₈ 122
0%
01111011₂ 123
0%
173₈ 123
0%
01111100₂ 124
0%
7C₁₆ 124
0%
174₈ 124
0%
01111101₂ 125
0%
7D₁₆ 125
0%
01111110₂ 126
0%
7E₁₆ 126
0%
176₈ 126
0%
01111111₂ 127
0%
7F₁₆ 127
0%
177₈ 127
0%
10000000₂ 128
0%
80₁₆ 128
0%
81₁₆ 129
0%
201₈ 129
0%
00001101₂ 13
0%
D₁₆ 13
0%
10000010₂ 130
0%
82₁₆ 130
0%
202₈ 130
0%
10000011₂ 131
0%
83₁₆ 131
0%
203₈ 131
0%
10000100₂ 132
0%
84₁₆ 132
0%
204₈ 132
0%
10000101₂ 133
0%
85₁₆ 133
0%
205₈ 133
0%
86₁₆ 134
0%
206₈ 134
0%
10000111₂ 135
0%
87₁₆ 135
0%
207₈ 135
0%
10001000₂ 136
0%
88₁₆ 136
0%
210₈ 136
0%
89₁₆ 137
0%
211₈ 137
0%
10001010₂ 138
0%
8A₁₆ 138
0%
212₈ 138
0%
10001011₂ 139
0%
8B₁₆ 139
0%
213₈ 139
0%
00001110₂ 14
0%
16₈ 14
0%
10001100₂ 140
0%
8C₁₆ 140
0%
214₈ 140
0%
10001101₂ 141
0%
8D₁₆ 141
0%
215₈ 141
0%
10001110₂ 142
0%
8E₁₆ 142
0%
216₈ 142
0%
10001111₂ 143
0%
8F₁₆ 143
0%
10010000₂ 144
0%
90₁₆ 144
0%
220₈ 144
0%
10010001₂ 145
0%
221₈ 145
0%
222₈ 146
0%
10010011₂ 147
0%
93₁₆ 147
0%
223₈ 147
0%
94₁₆ 148
0%
224₈ 148
0%
10010101₂ 149
0%
95₁₆ 149
0%
225₈ 149
0%
F₁₆ 15
0%
17₈ 15
0%
10010110₂ 150
0%
96₁₆ 150
0%
226₈ 150
0%
227₈ 151
0%
10011000₂ 152
0%
98₁₆ 152
0%
10011001₂ 153
0%
231₈ 153
0%
10011010₂ 154
0%
9A₁₆ 154
0%
232₈ 154
0%
10011011₂ 155
0%
9B₁₆ 155
0%
233₈ 155
0%
10011100₂ 156
0%
9C₁₆ 156
0%
234₈ 156
0%
9D₁₆ 157
0%
10011110₂ 158
0%
9E₁₆ 158
0%
10011111₂ 159
0%
10₁₆ 16
0%
20₈ 16
0%
10100000₂ 160
0%
A0₁₆ 160
0%
240₈ 160
0%
241₈ 161
0%
10100010₂ 162
0%
A2₁₆ 162
0%
242₈ 162
0%
10100011₂ 163
0%
243₈ 163
0%
10100100₂ 164
0%
A4₁₆ 164
0%
244₈ 164
0%
10100101₂ 165
0%
A5₁₆ 165
0%
245₈ 165
0%
A6₁₆ 166
0%
246₈ 166
0%
10100111₂ 167
0%
247₈ 167
0%
10101000₂ 168
0%
250₈ 168
0%
10101001₂ 169
0%
A9₁₆ 169
0%
251₈ 169
0%
00010001₂ 17
0%
11₁₆ 17
0%
AA₁₆ 170
0%
252₈ 170
0%
AB₁₆ 171
0%
10101100₂ 172
0%
AC₁₆ 172
0%
254₈ 172
0%
10101101₂ 173
0%
AD₁₆ 173
0%
255₈ 173
0%
AE₁₆ 174
0%
256₈ 174
0%
10101111₂ 175
0%
AF₁₆ 175
0%
257₈ 175
0%
10110000₂ 176
0%
B0₁₆ 176
0%
261₈ 177
0%
10110010₂ 178
0%
262₈ 178
0%
10110011₂ 179
0%
B3₁₆ 179
0%
00010010₂ 18
0%
12₁₆ 18
0%
22₈ 18
0%
10110100₂ 180
0%
B4₁₆ 180
0%
264₈ 180
0%
10110101₂ 181
0%
B5₁₆ 181
0%
265₈ 181
0%
10110110₂ 182
0%
B6₁₆ 182
0%
266₈ 182
0%
10110111₂ 183
0%
B7₁₆ 183
0%
267₈ 183
0%
10111000₂ 184
0%
B8₁₆ 184
0%
270₈ 184
0%
10111001₂ 185
0%
B9₁₆ 185
0%
271₈ 185
0%
10111010₂ 186
0%
BA₁₆ 186
0%
272₈ 186
0%
10111011₂ 187
0%
BB₁₆ 187
0%
273₈ 187
0%
10111100₂ 188
0%
BC₁₆ 188
0%
274₈ 188
0%
10111101₂ 189
0%
BD₁₆ 189
0%
275₈ 189
0%
00010011₂ 19
0%
23₈ 19
0%
10111110₂ 190
0%
BE₁₆ 190
0%
276₈ 190
0%
10111111₂ 191
0%
277₈ 191
0%
C0₁₆ 192
0%
300₈ 192
0%
11000001₂ 193
0%
C1₁₆ 193
0%
301₈ 193
0%
11000010₂ 194
0%
C2₁₆ 194
0%
302₈ 194
0%
11000011₂ 195
0%
C3₁₆ 195
0%
303₈ 195
0%
C4₁₆ 196
0%
304₈ 196
0%
11000101₂ 197
0%
305₈ 197
0%
11000110₂ 198
0%
C6₁₆ 198
0%
306₈ 198
0%
11000111₂ 199
0%
C7₁₆ 199
0%
00000010₂ 2
0%
2₁₆ 2
0%
2₈ 2
0%
00010100₂ 20
0%
24₈ 20
0%
C8₁₆ 200
0%
310₈ 200
0%
C9₁₆ 201
0%
11001010₂ 202
0%
CA₁₆ 202
0%
312₈ 202
0%
11001011₂ 203
0%
CB₁₆ 203
0%
313₈ 203
0%
11001100₂ 204
0%
CC₁₆ 204
0%
314₈ 204
0%
11001101₂ 205
0%
CD₁₆ 205
0%
315₈ 205
0%
11001110₂ 206
0%
CE₁₆ 206
0%
316₈ 206
0%
11001111₂ 207
0%
CF₁₆ 207
0%
317₈ 207
0%
320₈ 208
0%
11010001₂ 209
0%
D1₁₆ 209
0%
321₈ 209
0%
00010101₂ 21
0%
15₁₆ 21
0%
D2₁₆ 210
0%
322₈ 210
0%
11010011₂ 211
0%
D3₁₆ 211
0%
323₈ 211
0%
D4₁₆ 212
0%
324₈ 212
0%
D5₁₆ 213
0%
325₈ 213
0%
11010110₂ 214
0%
D6₁₆ 214
0%
326₈ 214
0%
327₈ 215
0%
11011000₂ 216
0%
D8₁₆ 216
0%
330₈ 216
0%
11011001₂ 217
0%
D9₁₆ 217
0%
11011010₂ 218
0%
DA₁₆ 218
0%
332₈ 218
0%
11011011₂ 219
0%
DB₁₆ 219
0%
333₈ 219
0%
00010110₂ 22
0%
16₁₆ 22
0%
26₈ 22
0%
11011100₂ 220
0%
DC₁₆ 220
0%
334₈ 220
0%
11011101₂ 221
0%
DD₁₆ 221
0%
335₈ 221
0%
DE₁₆ 222
0%
336₈ 222
0%
11011111₂ 223
0%
DF₁₆ 223
0%
337₈ 223
0%
11100000₂ 224
0%
E0₁₆ 224
0%
11100001₂ 225
0%
E1₁₆ 225
0%
341₈ 225
0%
11100010₂ 226
0%
E2₁₆ 226
0%
342₈ 226
0%
11100011₂ 227
0%
E3₁₆ 227
0%
343₈ 227
0%
11100100₂ 228
0%
344₈ 228
0%
11100101₂ 229
0%
E5₁₆ 229
0%
345₈ 229
0%
00010111₂ 23
0%
17₁₆ 23
0%
27₈ 23
0%
11100110₂ 230
0%
E6₁₆ 230
0%
346₈ 230
0%
11100111₂ 231
0%
E7₁₆ 231
0%
11101000₂ 232
0%
350₈ 232
0%
11101001₂ 233
0%
E9₁₆ 233
0%
351₈ 233
0%
11101010₂ 234
0%
EA₁₆ 234
0%
352₈ 234
0%
11101011₂ 235
0%
EB₁₆ 235
0%
EC₁₆ 236
0%
354₈ 236
0%
11101101₂ 237
0%
ED₁₆ 237
0%
355₈ 237
0%
EE₁₆ 238
0%
356₈ 238
0%
11101111₂ 239
0%
00011000₂ 24
0%
18₁₆ 24
0%
30₈ 24
0%
11110000₂ 240
0%
F0₁₆ 240
0%
360₈ 240
0%
11110001₂ 241
0%
F1₁₆ 241
0%
361₈ 241
0%
11110010₂ 242
0%
362₈ 242
0%
11110011₂ 243
0%
F3₁₆ 243
0%
363₈ 243
0%
11110100₂ 244
0%
F4₁₆ 244
0%
364₈ 244
0%
11110101₂ 245
0%
F5₁₆ 245
0%
365₈ 245
0%
11110110₂ 246
0%
F6₁₆ 246
0%
366₈ 246
0%
F7₁₆ 247
0%
367₈ 247
0%
F8₁₆ 248
0%
370₈ 248
0%
11111001₂ 249
0%
371₈ 249
0%
00011001₂ 25
0%
19₁₆ 25
0%
11111010₂ 250
0%
372₈ 250
0%
11111011₂ 251
0%
FB₁₆ 251
0%
373₈ 251
0%
11111101₂ 253
0%
FD₁₆ 253
0%
375₈ 253
0%
FE₁₆ 254
0%
11111111₂ 255
0%
377₈ 255
0%
32₈ 26
0%
00011011₂ 27
0%
1B₁₆ 27
0%
33₈ 27
0%
00011100₂ 28
0%
00011101₂ 29
0%
35₈ 29
0%
00000011₂ 3
0%
3₁₆ 3
0%
3₈ 3
0%
00011110₂ 30
0%
1E₁₆ 30
0%
36₈ 30
0%
00011111₂ 31
0%
1F₁₆ 31
0%
37₈ 31
0%
00100000₂ 32
0%
00100001₂ 33
0%
21₁₆ 33
0%
41₈ 33
0%
00100010₂ 34
0%
22₁₆ 34
0%
42₈ 34
0%
23₁₆ 35
0%
43₈ 35
0%
00100100₂ 36
0%
24₁₆ 36
0%
44₈ 36
0%
25₁₆ 37
0%
45₈ 37
0%
00100110₂ 38
0%
26₁₆ 38
0%
46₈ 38
0%
00100111₂ 39
0%
27₁₆ 39
0%
47₈ 39
0%
4₁₆ 4
0%
4₈ 4
0%
00101000₂ 40
0%
28₁₆ 40
0%
00101001₂ 41
0%
29₁₆ 41
0%
51₈ 41
0%
00101010₂ 42
0%
2A₁₆ 42
0%
52₈ 42
0%
00101011₂ 43
0%
2B₁₆ 43
0%
53₈ 43
0%
00101100₂ 44
0%
2C₁₆ 44
0%
00101101₂ 45
0%
2D₁₆ 45
0%
55₈ 45
0%
00101110₂ 46
0%
2E₁₆ 46
0%
56₈ 46
0%
00101111₂ 47
0%
2F₁₆ 47
0%
57₈ 47
0%
00110000₂ 48
0%
30₁₆ 48
0%
60₈ 48
0%
00110001₂ 49
0%
31₁₆ 49
0%
61₈ 49
0%
00000101₂ 5
0%
5₁₆ 5
0%
5₈ 5
0%
00110010₂ 50
0%
32₁₆ 50
0%
00110011₂ 51
0%
33₁₆ 51
0%
63₈ 51
0%
00110100₂ 52
0%
34₁₆ 52
0%
64₈ 52
0%
00110101₂ 53
0%
35₁₆ 53
0%
65₈ 53
0%
00110110₂ 54
0%
66₈ 54
0%
00110111₂ 55
0%
67₈ 55
0%
00111000₂ 56
0%
38₁₆ 56
0%
70₈ 56
0%
00111001₂ 57
0%
39₁₆ 57
0%
71₈ 57
0%
3A₁₆ 58
0%
72₈ 58
0%
3B₁₆ 59
0%
73₈ 59
0%
00000110₂ 6
0%
6₁₆ 6
0%
6₈ 6
0%
3C₁₆ 60
0%
74₈ 60
0%
3D₁₆ 61
0%
75₈ 61
0%
00111110₂ 62
0%
3E₁₆ 62
0%
76₈ 62
0%
00111111₂ 63
0%
77₈ 63
0%
01000000₂ 64
0%
100₈ 64
0%
01000001₂ 65
0%
41₁₆ 65
0%
101₈ 65
0%
01000010₂ 66
0%
42₁₆ 66
0%
102₈ 66
0%
01000011₂ 67
0%
43₁₆ 67
0%
103₈ 67
0%
44₁₆ 68
0%
104₈ 68
0%
01000101₂ 69
0%
45₁₆ 69
0%
105₈ 69
0%
00000111₂ 7
0%
7₈ 7
0%
01000110₂ 70
0%
46₁₆ 70
0%
106₈ 70
0%
01000111₂ 71
0%
47₁₆ 71
0%
107₈ 71
0%
01001000₂ 72
0%
48₁₆ 72
0%
110₈ 72
0%
01001001₂ 73
0%
49₁₆ 73
0%
111₈ 73
0%
01001010₂ 74
0%
4A₁₆ 74
0%
112₈ 74
0%
01001011₂ 75
0%
4B₁₆ 75
0%
113₈ 75
0%
01001100₂ 76
0%
4C₁₆ 76
0%
4D₁₆ 77
0%
01001110₂ 78
0%
4E₁₆ 78
0%
116₈ 78
0%
01001111₂ 79
0%
4F₁₆ 79
0%
117₈ 79
0%
00001000₂ 8
0%
8₁₆ 8
0%
01010000₂ 80
0%
120₈ 80
0%
01010001₂ 81
0%
51₁₆ 81
0%
121₈ 81
0%
01010010₂ 82
0%
122₈ 82
0%
01010011₂ 83
0%
53₁₆ 83
0%
01010100₂ 84
0%
54₁₆ 84
0%
124₈ 84
0%
55₁₆ 85
0%
125₈ 85
0%
56₁₆ 86
0%
126₈ 86
0%
01010111₂ 87
0%
57₁₆ 87
0%
01011000₂ 88
0%
58₁₆ 88
0%
01011001₂ 89
0%
59₁₆ 89
0%
131₈ 89
0%
00001001₂ 9
0%
9₁₆ 9
0%
11₈ 9
0%
01011010₂ 90
0%
132₈ 90
0%
01011011₂ 91
0%
5B₁₆ 91
0%
133₈ 91
0%
01011100₂ 92
0%
5C₁₆ 92
0%
134₈ 92
0%
01011101₂ 93
0%
5D₁₆ 93
0%
135₈ 93
0%
01011110₂ 94
0%
136₈ 94
0%
5F₁₆ 95
0%
137₈ 95
0%
01100000₂ 96
0%
140₈ 96
0%
01100001₂ 97
0%
61₁₆ 97
0%
01100010₂ 98
0%
142₈ 98
0%
01100011₂ 99
0%
63₁₆ 99
0%
No matching quizzes found
Score Distribution
Percent of People with Each Score
Percentile by Number Answered
Your Score History
You have not taken this quiz